Pays finalistes du Championnat d'Europe de football - Mort subite - Statistiques

Statistiques générales
  • Ce quiz a été pris 1 709 fois
  • Le résultat moyen est 8 sur 14
Answers on the Grid
Answers color-coded by a green-red scale on the quiz's grid according to % correct below.
Union Soviétique
Espagne
Italie
Allemagne
Tchéquie
France
Pays-Bas
Danemark
Grèce
Portugal
Angleterre
Belgique
Yougoslavie
Hongrie
Suède
Turquie
Russie
Tchécoslovaquie
Pays de Galles
Croatie
Suisse
Slovaquie
Pologne
Autriche
Roumanie
Serbie
Australie
Écosse
 
Statistiques - réponses
Réponse % Correct
2x Champions d'Europe (1984, 2000)
1x Vice-champions d'Europe (2016)
France
84%
4x Champions d'Europe (1964, 2008, 2012, 2024)
1x Vice-champions d'Europe (1984)
Espagne
79%
1x Champions d'Europe (1968)
2x Vice-champions d'Europe (2000, 2012)
Italie
79%
3x Champions d'Europe (1972, 1980, 1996)
3x Vice-champions d'Europe (1976, 1992, 2008)
Allemagne
77%
2x Vice-champions d'Europe (2021, 2024) Angleterre
75%
1x Champions d'Europe (2016)
1x Vice-champions d'Europe (2004)
Portugal
75%
1x Champions d'Europe (1988) Pays-Bas
67%
1x Champions d'Europe (2004) Grèce
59%
1x Champions d'Europe (1992) Danemark
43%
1x Champions d'Europe (1960)
3x Vice-champions d'Europe (1964, 1972, 1988)
Union Soviétique
39%
1x Champions d'Europe (1976) Tchécoslovaquie
35%
2x Vice-champions d'Europe (1960, 1968) Yougoslavie
34%
1x Vice-champions d'Europe (1980) Belgique
20%
1x Vice-champions d'Europe (2000) Tchéquie
15%
Aucun quiz correspondant
Distribution des résultats
% des personnes avec chaque résultat
Percentile par nombre de réponses
Votre historique - résultats
Vous n’avez pas pris ce quiz